Pragmatics / (Record no. 21603)
[ view plain ]
| 000 -LEADER | |
|---|---|
| fixed length control field | 00986cam a22002535a 4500 |
| 001 - CONTROL NUMBER | |
| control field | 011945082 |
| 005 - DATE AND TIME OF LATEST TRANSACTION | |
| control field | 20160720153252.0 |
| 008 - FIXED-LENGTH DATA ELEMENTS--GENERAL INFORMATION | |
| fixed length control field | 960619s2011 enk frbd f000 0 eng d |
| 020 ## - INTERNATIONAL STANDARD BOOK NUMBER | |
| International Standard Book Number | 9780194372077 (pbk) |
| 040 ## - CATALOGING SOURCE | |
| Original cataloging agency | Uk |
| Language of cataloging | eng |
| Transcribing agency | Uk |
| Modifying agency | EG-ScBUE |
| 082 04 - DEWEY DECIMAL CLASSIFICATION NUMBER | |
| Classification number | 306.44 |
| Item number | YUL |
| Edition number | 22 |
| 100 1# - MAIN ENTRY--PERSONAL NAME | |
| 9 (RLIN) | 39798 |
| Personal name | Yule, George, |
| Dates associated with a name | 1947- |
| 245 10 - TITLE STATEMENT | |
| Title | Pragmatics / |
| Statement of responsibility, etc | George Yule. |
| 260 ## - PUBLICATION, DISTRIBUTION, ETC. (IMPRINT) | |
| Place of publication, distribution, etc | Oxford : |
| Name of publisher, distributor, etc | Oxford University Press, |
| Date of publication, distribution, etc | 2011. |
| 300 ## - PHYSICAL DESCRIPTION | |
| Extent | xiv, 138 p. ; |
| Dimensions | 20 cm. |
| 490 0# - Series Statement | |
| Series statement | Oxford introductions to language study |
| 500 ## - GENERAL NOTE | |
| General note | Glossary : p. 127-135. |
| 504 ## - BIBLIOGRAPHY, ETC. NOTE | |
| Bibliography, etc | Bibliography : p. 91-136. |
| 520 ## - SUMMARY, ETC. | |
| Summary, etc | Provides an introduction to pragmatics, the study of how people make sense of each other linguistically. This book explains, and illustrates, basic concepts, such as the co-operative principle, deixis, and speech acts, providing a concise foundation for further study. |
| 650 #7 - SUBJECT ADDED ENTRY--TOPICAL TERM | |
| Topical term or geographic name as entry element | Pragmatics. |
| Source of heading or term | BUEsh |
| 9 (RLIN) | 37316 |
| 651 ## - SUBJECT ADDED ENTRY--GEOGRAPHIC NAME | |
| Source of heading or term | BUEsh |
| 653 ## - INDEX TERM--UNCONTROLLED | |
| Resource For college | |
| Arrived date list | April2016 |
| 942 ## - ADDED ENTRY ELEMENTS (KOHA) | |
| Source of classification or shelving scheme | Dewey Decimal Classification |
| Withdrawn status | Item status | Source of classification or shelving scheme | Damaged status | Not for loan | Vendor | Home library | Current library | Shelving location | Date acquired | Source of acquisition | Cost, normal purchase price | Serial Enumeration / chronology | Total Checkouts | Full call number | Barcode | Date last seen | Cost, replacement price | Koha item type |
|---|---|---|---|---|---|---|---|---|---|---|---|---|---|---|---|---|---|---|
| Dewey Decimal Classification | Central Library | Central Library | First floor | 11/04/2016 | Purchase | 64.00 | 229 | 306.44 YUL | 000031349 | 15/07/2025 | 80.00 | Book - Borrowing |